Sudden Death - The Parables of Jesus - Statistics

General Stats
  • This quiz has been taken 271 times
  • The average score is 7 of 14
Answers on the Grid
Answers color-coded by a green-red scale on the quiz's grid according to % correct below.
Wise & Foolish Bridesmaids
Good Samaritan
Borrowed Cloak
Lost Sheep
Fishing Net
Wedding Feast
Rich Man and Lazarus
Wise & Foolish Farmers
Stolen Candle
Dull Blade
Budding Fig Tree
Lost Key
Unforgiving Servant
Vineyard Workers
Lost Son
Sleeping Shepherd
Wise & Foolish Builders
Mustard Seed
Lost Coin
Lazy Ox
Candle and the Mirror
Two Traders
Talents
Empty Well
 
Answer Stats
Answer % Correct
Lost Sheep
76%
Good Samaritan
75%
Mustard Seed
69%
Lost Son
63%
Rich Man and Lazarus
61%
Wedding Feast
51%
Unforgiving Servant
48%
Vineyard Workers
48%
Talents
43%
Fishing Net
42%
Budding Fig Tree
40%
Wise & Foolish Bridesmaids
39%
Wise & Foolish Builders
37%
Lost Coin
34%
No matching quizzes found
Score Distribution
Percent of People with Each Score
Percentile by Number Answered
Your Score History
You have not taken this quiz